ბათუმის შოთა რუსთაველის სახელმწიფო უნივერსიტეტის ბიბლიოთეკა

თარგმნისხელოვნება და სწავლების მეთოდი (ბიბ.ჩანაწერი № 36750)

000 -LEADER
fixed length control field 00715nam a2200205Ia 4500
001 - CONTROL NUMBER
control field 2688
003 - CONTROL NUMBER IDENTIFIER
control field GE_BSU
008 - FIXED-LENGTH DATA ELEMENTS--GENERAL INFORMATION
fixed length control field 181216s||||||||xx |||||||||||||| ||und||
020 ## - INTERNATIONAL STANDARD BOOK NUMBER
International Standard Book Number 978994409470
040 ## - CATALOGING SOURCE
Transcribing agency GE_BSU
080 ## - UNIVERSAL DECIMAL CLASSIFICATION NUMBER
Universal Decimal Classification number 81.25
100 ## - MAIN ENTRY--PERSONAL NAME
Personal name სელესკოვიჩი, დანიცა; ლედერერი, მარინა;
245 ## - TITLE STATEMENT
Title თარგმნისხელოვნება და სწავლების მეთოდი
260 ## - PUBLICATION, DISTRIBUTION, ETC.
Place of publication, distribution, etc. თბილისი
260 ## - PUBLICATION, DISTRIBUTION, ETC.
Date of publication, distribution, etc. 2008
300 ## - PHYSICAL DESCRIPTION
Extent 392 გვ.
653 ## - INDEX TERM--UNCONTROLLED
Uncontrolled term თარგმნის ხელოვნება და სწავლების მეთოდი
942 ## - ADDED ENTRY ELEMENTS (KOHA)
Koha item type წიგნი
ეგზემპლარები
Withdrawn status Lost status Damaged status Not for loan Date acquired Barcode Date last seen Price effective from Koha item type
        2018-12-17 1477 2018-12-17 2018-12-17 წიგნი